Länder mit S - Statistiken

Allgemein
  • Dieses Quiz wurde 95 mal gespielt
  • Das Durchschnittsergebnis liegt bei 22 aus 28
Antwortstatistiken
Land % Korrekt
Schweden
97%
Schweiz
92%
Spanien
92%
Südkorea
92%
Sudan
90%
Slowakei
89%
Slowenien
89%
Serbien
86%
Südsudan
86%
Südafrika
85%
Sambia
82%
Senegal
82%
Singapur
81%
Simbabwe
80%
Seychellen
78%
Somalia
78%
Syrien
78%
Samoa
77%
San Marino
77%
St. Kitts und Nevis
72%
St. Lucia
71%
Sri Lanka
70%
Saudi-Arabien
68%
St. Vincent und die Grenadinen
68%
Suriname
67%
São Tomé und Príncipe
65%
Salomonen
62%
Sierra Leone
59%
Keine übereinstimmenden Quizze gefunden
Verteilung der Resultate
Anzahl Personen mit jedem Resultat
Perzentil nach korrekt beantworteten Fragen
Ihre Resultats-Entwicklung
Sie haben dieses Quiz noch nicht gespielt